Sports Quiz

Random Sports Quiz

NASCAR Sprint Cup Rookies of the Year Quiz Stats

 Plays Quiz not verified by Sporcle

Also try: Rose Bowl Teams
Challenge
Share
Tweet
Embed
Score 0/56 Timer 15:00
0 Plays Today
Year Winner % Correct
1959Richard Petty
96.3%
1984Rusty Wallace
96.3%
1993Jeff Gordon
96.3%
1979Dale Earnhardt
92.6%
2005Kyle Busch
92.6%
1999Tony Stewart
88.9%
1994Jeff Burton
81.5%
1960David Pearson
77.8%
1986Alan Kulwicki
77.8%
2002Ryan Newman
77.8%
2009Joey Logano
77.8%
1977Ricky Rudd
74.1%
1997Mike Skinner
74.1%
2000Matt Kenseth
74.1%
2001Kevin Harvick
74.1%
1967Donnie Allison
70.4%
1972Larry Smith
70.4%
1983Sterling Marlin
70.4%
1987Davey Allison
70.4%
2008Regan Smith
70.4%
2011Andy Lally
70.4%
1968Pete Hamilton
66.7%
1990Bobby Hamilton
66.7%
1996Johnny Benson
66.7%
2003Jamie McMurray
66.7%
2004Kasey Kahne
66.7%
2007Juan Pablo Montoya
66.7%
2006Denny Hamlin
63%
Year Winner % Correct
2010Kevin Conway
63%
1978Ronnie Thomas
55.6%
1982Geoff Bodine
55.6%
1995Ricky Craven
55.6%
1985Ken Schrader
51.9%
1998Kenny Irwin Jr
48.1%
1981Ron Bouchard
44.4%
1988Ken Bouchard
44.4%
1989Dick Trickle
44.4%
1991Rob Moroso
40.7%
1966James Hylton
37%
1973Lennie Pond
37%
1992Jimmy Hensley
37%
1961Woody Wilson
33.3%
1969Dick Brooks
29.6%
1980Jody Ridley
29.6%
1975Bruce Hill
18.5%
1974Earl Ross
11.1%
1976Skip Manning
11.1%
1954Blackie Pitt
7.4%
1958Shorty Rollins
7.4%
1962Thomas Cox
7.4%
1965Sam McQuagg
7.4%
1957Ken Rush
3.7%
1963Billy Wade
3.7%
1970Bill Dennis
3.7%
1971Walter Ballard
3.7%
1964Doug Cooper
0%

You're not logged in!

Compare scores with friends on all Sporcle quizzes.
OR
Log In

You Might Also Like...

Show Comments

Extras

Created Mar 16, 2012ReportNominate
Tags:cup, NASCAR, rookie, sprint, winner

Top Quizzes Today


Score Distribution

Your Account Isn't Verified!

In order to create a playlist on Sporcle, you need to verify the email address you used during registration. Go to your Sporcle Settings to finish the process.

Report this User

Report this user for behavior that violates our Community Guidelines.

Details: